000 00505nam a2200181Ia 4500
999 _c16124
_d16124
003 OSt
005 20200606115852.0
008 190216s9999||||xx |||||||||||||| ||und||
022 _28170283930
040 _cMESKC library
082 _a891.433
_bKAM/S
100 _aKamleshwar
_9237
245 0 _aKamaleshwar Samagra Kahaniyan /
_cKamleshwar
260 _bRaj Pal &Sons,
_c2002.
_aDelhi:
300 _a696p
650 _aHindi
942 _cBK
_2ddc
_h891.433
_iKAM/S
_k891.433
_mKAM/S